Central americans in Mexico city: uprooted and silenced

Gespeichert in:
Bibliographische Detailangaben
1. Verfasser: O'Dogherty, Laura
Körperschaft: Center for Inmigration Policy and Refugee Assistance
Format: Text
Veröffentlicht: Washington, D.C.: Georgetown
Tags: Tag hinzufügen
Keine Tags, Fügen Sie den ersten Tag hinzu!

MARC

LEADER 00000 a a2200000 04500
001 21196
003
040 |a CRAI/IIS  |c CRAI/IIS 
090 |a 092300  
100 |a O'Dogherty, Laura  
110 |a Center for Inmigration Policy and Refugee Assistance  
245 |a Central americans in Mexico city: uprooted and silenced  
260 |a Washington, D.C.:   |b Georgetown  
300 |a 76 p.  
999 |c 14132  |d 14132